Normal view MARC view

Entry Nombre geográfico

Number of records used in: 1

001 - NÚMERO DE CONTROL

  • campo de control: 234156

003 - IDENTIFICADOR DE NÚMERO DE CONTROL

  • campo de control: ES-MaACL

005 - FECHA Y HORA DE LA ÚLTIMA TRANSACCIÓN

  • campo de control: 20250803095033.0

008 - ELEMENTOS DE DATO DE LONGITUD-FIJA

  • campo de control de longitud fija: 230906|| aca||aabn | a|a d

040 ## - FUENTE DE CATALOGACIÓN

  • Centro catalogador/agencia de origen: ES-MaACL
  • Centro/agencia transcriptor: ES-MaACL

151 ## - ENCABEZAMIENTO--NOMBRE GEOGRÁFICO

  • Nombre geográfico: Madrid-
  • Subdivisión general: Situación social-
  • Subdivisión cronológica: S.XIX-
  • Subdivisión de forma: Fuentes

670 ## - FUENTE DE DATOS ENCONTRADOS

  • Cita de la fuente: Work cat.: (ES-MaACL)164166: Ruiz de Salazar, José Manuel. 132186, Lo que debe ser Madrid ... / , 1892 (